Construction and housing in Nigeria: volume 1: Construction economy and management

Guardat en:
Dades bibliogràfiques
Autor principal: WAHAB, Kunle Ade
Format: Llibre
Idioma:anglès
Publicat: University Press 2014.
Etiquetes: Afegir etiqueta
Sense etiquetes, Sigues el primer a etiquetar aquest registre!

MARC

LEADER 00000nam a22000007a 4500
008 210122b ||||| |||| 00| 0 eng d
020 |a 978-978-069-975-8 
100 |a WAHAB, Kunle Ade. 
245 |a Construction and housing in Nigeria: volume 1:   |b Construction economy and management  |c  Kunle Ade Wahab 
260 |b  University Press  |c  2014.   |h  Ibadan  |i 691858,  |i  691859  |l HD1375 .W12 
500 |a “It includes references and Index”. 
942 |a lcc  |c BK  |e j o ifatola  |f 22/1/2021 
952 |0 0  |1 0  |2 lcc  |4 0  |6 HD1375 W12  |7 0  |9 1555  |a HOL  |b HOL  |c GJ  |d 2021-01-22  |l 0  |o HD1375 .W12  |p 2021-0344  |r 2021-01-22 00:00:00  |w 2021-01-22  |y BK 
952 |0 0  |1 0  |2 lcc  |4 0  |6 HD1375 W12  |7 0  |9 1556  |a HOL  |b EDM  |c GJ  |d 2021-01-22  |l 0  |o HD1375 .W12  |r 2021-01-22 00:00:00  |w 2021-01-22  |y BK 
999 |c 818  |d 818